000
00203nam a2200097Ia 4500
008
240331s9999 xx 000 0 und d
082
_b
ANA
100
_a
Ananda
245
0
_a
Kaddurai kathambam
942
_c
L
999
_c
3656
_d
3656